| 000 | 00778nam a22002417a 4500 | ||
|---|---|---|---|
| 999 |
_c1070 _d1070 |
||
| 001 | 14583 | ||
| 003 | BD-DhUAP | ||
| 005 | 20200202143521.0 | ||
| 008 | 200202r20061991enka|||| |||| 001 0 eng d | ||
| 020 | _a0199282501 | ||
| 040 |
_aBD-DhUAP _bEng _cBD-DhUAP _dBD-DhUAP |
||
| 082 |
_223 _a340.11 HOL |
||
| 100 | _aHolland , James A. | ||
| 245 |
_aLearning legal rules : _ba student's guide to legal method and reasoning / _cJames A. Holland and Julian S. Webb. |
||
| 250 | _a6th ed. | ||
| 260 |
_aLondon : _bOxford university press, _cc1991 [Reprinted 2006]. |
||
| 300 |
_axxvi, 376 pages : _billustrations ; _c25 cm. |
||
| 504 | _aIncludes bibliographies and index. | ||
| 650 |
_aLaw _vMethodology. |
||
| 650 |
_aLaw _zEngland. |
||
| 700 | _aWebb, Julian S. | ||
| 942 |
_2ddc _cBK |
||